000 00729nam a2200205Ii 4500
003 JO-AjNU
008 230605s9999||||xx |||||||||||||| ||und||
017 _a1990/12/792
040 _aJO-AjNU
_bara
_erda
_cJO-AjNU
041 _aara
050 1 4 _aHB71.H5688.1990
100 3 _aاعداد: عودة،هند مشعل، محمد عطا الله ؛ تقديم :جواد العناني,
_eauthor
_913655
245 0 0 _aالاساس في الاقتصاد الكلي والجزئي
264 3 1 _aعمان:الاهلية للنشر والتوزيع،1990
300 _a343ص
336 _atext
_btxt
_2rdacontent
337 _aunmediated
_bn
_2rdamedia
338 _avolume
_bnc
_2rdacarrier
650 4 _aالاقتصاد-علم
_913656
999 _aA3456
_c7024
_d7024